Champions du monde de Formule 1 - Statistiques

Statistiques générales
  • Ce quiz a été pris 58 fois
  • Le résultat moyen est 57 sur 75
Statistiques - réponses
Année Pilote % Correct
2024 Max Verstappen (4)
100%
2017 Lewis Hamilton (4)
97%
2018 Lewis Hamilton (5)
97%
2019 Lewis Hamilton (6)
97%
2020 Lewis Hamilton (7)
97%
2021 Max Verstappen
97%
2022 Max Verstappen (2)
97%
2023 Max Verstappen (3)
97%
2014 Lewis Hamilton (2)
94%
2015 Lewis Hamilton (3)
94%
2016 Nico Rosberg
94%
2013 Sebastian Vettel (4)
94%
2010 Sebastian Vettel
89%
2011 Sebastian Vettel (2)
89%
2012 Sebastian Vettel (3)
89%
2008 Lewis Hamilton
86%
2005 Fernando Alonso
80%
2006 Fernando Alonso (2)
80%
1997 Jacques Villeneuve
80%
2007 Kimi Räikkönen
80%
2000 Michael Schumacher (3)
80%
2001 Michael Schumacher (4)
80%
2002 Michael Schumacher (5)
80%
2003 Michael Schumacher (6)
80%
2004 Michael Schumacher (7)
80%
1998 Mika Häkkinen
80%
1999 Mika Häkkinen (2)
80%
1989 Alain Prost (3)
77%
1993 Alain Prost (4)
77%
1988 Ayrton Senna
77%
1990 Ayrton Senna (2)
77%
2009 Jenson Button
77%
1992 Nigel Mansell
77%
1985 Alain Prost
74%
1986 Alain Prost (2)
74%
1991 Ayrton Senna (3)
74%
1996 Damon Hill
74%
1994 Michael Schumacher
74%
1995 Michael Schumacher (2)
74%
1987 Nelson Piquet (3)
74%
1952 Alberto Ascari
71%
1951 Juan Manuel Fangio
71%
1954 Juan Manuel Fangio (2)
71%
1955 Juan Manuel Fangio (3)
71%
1956 Juan Manuel Fangio (4)
71%
1957 Juan Manuel Fangio (5)
71%
1982 Keke Rosberg
71%
1981 Nelson Piquet
71%
1983 Nelson Piquet (2)
71%
1984 Niki Lauda (3)
71%
1953 Alberto Ascari (2)
69%
1950 Giuseppe Farina
69%
1959 Jack Brabham
69%
1960 Jack Brabham (2)
69%
1978 Mario Andretti
69%
1975 Niki Lauda
69%
1969 Jackie Stewart
66%
1971 Jackie Stewart (2)
66%
1973 Jackie Stewart (3)
66%
1976 James Hunt
66%
1979 Jody Scheckter
66%
1958 Mike Hawthorn
66%
1977 Niki Lauda (2)
66%
1974 Emerson Fittipaldi (2)
63%
1962 Graham Hill
63%
1966 Jack Brabham (3)
63%
1970 Jochen Rindt
63%
1980 Alan Jones
60%
1972 Emerson Fittipaldi
60%
1965 Jim Clark (2)
60%
1963 Jim Clark (2)
60%
1961 Phil Hill
60%
1967 Denny Hulme
57%
1968 Graham Hill (2)
57%
1964 John Surtees
57%
Aucun quiz correspondant
Distribution des résultats
% des personnes avec chaque résultat
Percentile par nombre de réponses
Votre historique - résultats
Vous n’avez pas pris ce quiz